00671 2200229 4500001002100000005001700021008004100038020002200079035002500101082000800126090001800134100002300152245010100175250001100276260003400287300002100321504003100342650002000373700001400393850001200407999002200419YOGYA-0213000000085520150313083741.0 ind  a978-602-7724-12-9 a0010-021300000000855 a371 aDEP 371 Mas T aMASTUR FAIZI, 1987 aTiru cara-cara ampuh mendidik anak ala pendidikan orang hebatc/ Mastur Faizi; editor, Rusdianto aCet. 1 aYogyakartabFlash Booksc2012 a194 hlm.c20 cm. aBibliografi : hlm. 191-192 aPendidikan anak aRusdianto aYOPDYOG aCB-D.11-2012-1042